|
|
|
|
| LEADER |
01821nam a2200361 u 4500 |
| 001 |
10023074 |
| 003 |
upatras |
| 005 |
20231219105732.0 |
| 008 |
990709r1998 gr a 1 gre d |
| 020 |
|
|
|a 9607019814
|
| 040 |
|
|
|a GR-PaULI
|b gre
|c GR-PaULI
|e AACR2
|
| 041 |
0 |
|
|a gre
|
| 082 |
0 |
4 |
|2 23
|a 153
|
| 100 |
1 |
|
|a Hartland, Judith
|e συγγραφέας
|9 45351
|
| 245 |
1 |
0 |
|a Γλώσσα και σκέψη /
|c Judith Hartland ; μετάφραση Κυριακή Σύρμαλη
|c ; επιμέλεια Αναστασία Κωσταρίδου-Ευκλείδη.
|
| 250 |
|
|
|a 5η έκδ.
|
| 260 |
|
|
|a Αθήνα :
|b Ελληνικά Γράμματα,
|c 1998.
|
| 300 |
|
|
|a 64 σ. :
|b σχήμ. ;
|c 28 εκ.
|
| 490 |
1 |
|
|a Γνωστική ψυχολογία ;
|v 5
|
| 500 |
|
|
|a Τίτλος πρωτοτύπου: Language and thought.
|
| 504 |
|
|
|a Περιλαμβάνει βιβλιογραφικές παραπομπές και ευρετήριο όρων.
|
| 650 |
|
4 |
|a Ψυχολογία
|x Σκέψη
|9 3847
|
| 650 |
|
4 |
|a Ψυχολογία
|x Γλώσσα
|9 9564
|
| 650 |
|
4 |
|9 30673
|a Γνωστική ψυχολογία
|x
|
| 700 |
1 |
|
|a Κωσταρίδου-Ευκλείδη, Αναστασία,
|d 1949-
|4 επιμελήτρια
|9 37808
|
| 700 |
1 |
|
|a Σύρμαλη, Κυριακή
|e μεταφράστρια
|9 37809
|
| 765 |
|
|
|i Μετάφραση του:
|t Language and thought.
|
| 830 |
|
0 |
|a Γνωστική ψυχολογία (Ελληνικά Γράμματα)
|v 5
|9 198795
|
| 852 |
B |
B |
|a GR-PaULI
|b ΠΑΤΡΑ
|b ΠΤΔΕ
|k ΑΣΧΕ
|h 153 ΓΝΩ
|m 6081
|p 025000058367
|t 1
|
| 942 |
|
|
|2 ddc
|c BK15
|
| 952 |
|
|
|0 0
|1 0
|4 0
|6 153_000000000000000_ΓΝΩ
|7 0
|9 189057
|a PTDE
|b PTDE
|d 2016-04-24
|i 6081
|l 0
|o 153 ΓΝΩ
|p 025000058367
|r 2016-04-24 00:00:00
|t 1
|w 2016-04-24
|y BK15
|
| 998 |
|
|
|c ΗΛΙΟΠΟΥΛΟΥ
|d 1999-07
|
| 999 |
|
|
|c 116462
|d 116462
|